Ч. 2; Маркетинг
| Parent link: | Маркетинг: учебное пособие/ Г. О. Могильницкая; Томский политехнический университет (ТПУ). Ч. 2.— 2-е изд..— , 2009 |
|---|---|
| Sumari: | Заглавие с титульного экрана Электронная версия печатной публикации В учебном пособии рассмотрены основные понятия и концепция маркетинга; маркетинговая среда и факторы, на нее влияющие; система маркетинговой информации; исследование и прогнозирование рынка; конкурентоспособность фирмы и продукции; проблемы рыночного ценообразования; разработка плана маркетинга, каналы распределения и оптимизация их структуры. Кроме того, уделено достаточно внимания продвижению товаров и услуг, организации службы маркетинга на предприятии. Пособие подготовлено на кафедре менеджмента ТПУ и предназначено для студентов всех форм обучения по направлению 521500 - менеджмент Режим доступа: из корпоративной сети ТПУ |
| Idioma: | rus |
| Publicat: |
2009
|
| Matèries: | |
| Accés en línia: | http://www.lib.tpu.ru/fulltext2/m/2010/m11.pdf |
| Format: | MixedMaterials Electrònic Llibre |
| KOHA link: | https://koha.lib.tpu.ru/cgi-bin/koha/opac-detail.pl?biblionumber=174092 |
MARC
| LEADER | 00000nlm2a2200000 4500 | ||
|---|---|---|---|
| 001 | 174092 | ||
| 005 | 20231101223133.0 | ||
| 035 | |a (RuTPU)RU\TPU\book\188791 | ||
| 090 | |a 174092 | ||
| 100 | |a 20100119d2009 m y0rusy50 ca | ||
| 101 | 0 | |a rus | |
| 102 | |a RU | ||
| 105 | |a a j 001zy | ||
| 135 | |a vrcn ---uucaa | ||
| 181 | 0 | |a i | |
| 182 | 0 | |a b | |
| 200 | 0 | |a Ч. 2 |b Электронный ресурс | |
| 203 | |a Текст |c электронный | ||
| 210 | |d 2009 | ||
| 230 | |a 1 компьютерный файл (pdf; 1376 KB) | ||
| 300 | |a Заглавие с титульного экрана | ||
| 300 | |a Электронная версия печатной публикации | ||
| 330 | |a В учебном пособии рассмотрены основные понятия и концепция маркетинга; маркетинговая среда и факторы, на нее влияющие; система маркетинговой информации; исследование и прогнозирование рынка; конкурентоспособность фирмы и продукции; проблемы рыночного ценообразования; разработка плана маркетинга, каналы распределения и оптимизация их структуры. Кроме того, уделено достаточно внимания продвижению товаров и услуг, организации службы маркетинга на предприятии. Пособие подготовлено на кафедре менеджмента ТПУ и предназначено для студентов всех форм обучения по направлению 521500 - менеджмент | ||
| 333 | |a Режим доступа: из корпоративной сети ТПУ | ||
| 337 | |a Adobe Reader | ||
| 461 | 1 | |0 (RuTPU)RU\TPU\book\188788 |t Маркетинг |o учебное пособие |f Г. О. Могильницкая |g Томский политехнический университет (ТПУ) |v Ч. 2 |e 2-е изд. |d 2009 | |
| 606 | 1 | |a Маркетинг |2 stltpush |3 (RuTPU)RU\TPU\subj\41036 |9 60857 | |
| 610 | 1 | |a экономика | |
| 610 | 1 | |a предприятия | |
| 610 | 1 | |a маркетинговая среда | |
| 610 | 1 | |a маркетинговые информационные системы | |
| 610 | 1 | |a исследование | |
| 610 | 1 | |a прогнозирование | |
| 610 | 1 | |a рынок | |
| 610 | 1 | |a конкурентоспособность | |
| 610 | 1 | |a учебные пособия | |
| 610 | 1 | |a труды учёных ТПУ | |
| 610 | 1 | |a электронный ресурс | |
| 686 | |a У9(2)212.4я73 |v LBC/SL-A |2 rubbk | ||
| 801 | 1 | |a RU |b 63413507 |c 20100119 | |
| 801 | 2 | |a RU |b 63413507 |c 20121219 |g RCR | |
| 856 | 4 | |u http://www.lib.tpu.ru/fulltext2/m/2010/m11.pdf | |
| 942 | |c CF | ||